000 00625nam a2200217Ia 4500
005 20250508165202.0
008 008 250505s9999 xx 000 0 eng d
020 _a978-0-415-99597-9
037 _aTextual
040 _aFEDL
_beng
_cFEDL
041 _aeng
_2eng
084 _a370.973, SHO
_qFEDL
100 _aShor Ira
_9291110
245 0 _aPedagogy for liberation: Dialogues on transforming education
260 _aLondon, UK
_bBergin and Garvey
_c1987
300 _aix, 203p.
365 _aGBP
_b31
700 _a Freire Paulo
_9780096
942 _cTEXL
_h370.973, SHO
999 _c1393650
_d1393650